000 00491nam a2200181Ia 4500
005 20250508163703.0
008 008 250505s9999 xx 000 0 eng d
037 _aTextual
040 _aFEDL
_beng
_cFEDL
041 _aeng
_2eng
084 _a374.4, SHA
_qFEDL
100 _aSharma S R
245 0 _aOrganisation of distance education
260 _aJaipur, India
_bPointer Publishers
_c1996
300 _a200p.
942 _cTEXL
_h374.4, SHA
999 _c1384711
_d1384711